000 01372nam a22003857a 4500
003 CHAP
005 20220329135529.0
008 971013s1976 r 00010 d
010 _a38097
011 _a39069
035 _a43189
040 _cCHAP
090 _aTesis
100 0 0 _aMiranda Jaimes, Odón.
_976081
245 _aIncidencia de genes modificadores del endospermo Opaco-2 en 25 razas mexicanas de maíz y su efecto en la textura y calidad protéica del grano
260 _aChapingo, Méx. :
_bEl autor,
_c1976
300 _a95 h.
_b: ilus
500 _ac.4-5 en bodega
502 _aTesis (Doctor en Ciencias Esp. en Genética) -- ENA. Colegio de Postgraduados. Rama de Genética
590 _aALEPH
_b10
_c20130110
_lUCH01
_h1303
590 _aBATCH-UPD
_b10
_c20130110
_lUCH01
_h0243
590 _aBATCH-UPD
_b10
_c20130110
_lUCH01
_h1719
590 _aBATCH-UPD
_b10
_c20130409
_lUCH01
_h2312
590 _aBATCH-UPD
_b10
_c20130410
_lUCH01
_h1351
590 _aBATCH-UPD
_b10
_c20130914
_lUCH01
_h1305
590 _aCONVERSION
_b10
_c20130109
_lUCH01
_h1321
650 1 4 _aEndospermo.
_936874
650 1 4 _aMaíz
_xGenética.
_970963
650 1 4 _aMaíz
_xProteínas.
_971043
901 _aBK
942 _cFOLL
949 _bBC
_cTES
_d-99141
_eTS1
_i43189
_si
949 _bBC
_cTES
_d-99142
_eTS2
_fc.2
_i43189
_si
949 _bBC
_cTES
_d-99143
_eTS2
_fc.3
_i43189
_si
999 _c38097
_d38097